000
00241nam a22001217a 4500
003
SGT
082
_a
370
_b
WBI
100
_a
WBI
245
_a
CHILD CRAFT
260
_a
LONDON
_b
WORLD BOOKS INT
_c
1996
300
_a
153
942
_2
ddc
_c
BK
_0
3
999
_c
17600
_d
17600